000 00689nam a2200217 a 4500
001 22818
003 CO-ViMGA
008 141112s2004 ck r 000 u spa d
020 _a9789587110890
040 _aCO-ViMGA
_bspa
_cCO-ViMGA
082 0 4 _a347.06 C175c
100 1 _aCarnelutti Francesco
245 1 0 _aEl concepto jurìdico de la prueba :
_bFunciòn y estructura de la prueba
260 _aColombia :
_bLeyer
300 _a211p.
505 _aFuncion de la prueba, Estructura de la prueba, El concepto juridico de la prueba
650 1 4 _aDERECHO CIVIL
650 1 4 _aDERECHO PROBATORIO
_952791
650 1 4 _aPRUEBA (DERECHO) - FUNCION Y ESTRUCTURA
_932639
942 _2ddc
_cBK
999 _c31114
_d31114